| 000 | 00768nab a2200241 4500 | ||
|---|---|---|---|
| 003 | BR-BrBNA | ||
| 005 | 20251021223340.0 | ||
| 008 | 251021b bl.||||| |||| 00| 0 por d | ||
| 040 |
_aBR-BrBNA _bpor |
||
| 072 |
_aL01 ; A50 ; L10 _b5120 |
||
| 100 | _aRibeiro, Juliana | ||
| 245 |
_aO rei das águas _bEstilo no Campo |
||
| 500 | _a4 illus. | ||
| 650 | _aCAVALO | ||
| 650 | _aPANTANAL | ||
| 650 | _aRESISTÊNCIA | ||
| 650 | _aADAPTAÇÃO | ||
| 650 | _aPESQUISA | ||
| 650 | _aMELHORAMENTO GENÉTICO ANIMAL | ||
| 773 | 0 |
_01706 _9347992 _dSão Paulo-SP Editora Três Ltda - E-mail: luizfsa@revistadinheiro.com.br 2004 _o2025-0487 _tDinheiro Rural (Brazil) _x1807-3700 _gv. 7(83) p. 100-102; (Sep 2011) _wBR2025004557 |
|
| 942 | _cANA | ||
| 999 |
_c338753 _d338753 |
||